[Event "World Team-ch Women 2019"]
[Site "Astana"]
[Date "2019.03.07"]
[Round "3.9"]
[White "Tan, Zhongyi"]
[Black "Abdumalik, Zhansaya"]
[Result "1/2-1/2"]
[WhiteElo "2513"]
[BlackElo "2469"]
[Annotator "RC"]
[PlyCount "97"]
[EventDate "2019.02.05"]
[EventType "team-tourn"]
[EventCountry "KAZ"]
[SourceTitle "playchess.com"]
[Source "ChessBase"]
[SourceQuality "1"]
[WhiteTeam "China"]
[BlackTeam "Kazakhstan"]
[WhiteTeamCountry "CHN"]
[BlackTeamCountry "KAZ"]
[TimeControl "40/5400+30:1800+30"]

1. d4 {[%emt 0:00:00]} Nf6 {[%emt 0:00:00]} 2. c4 {[%emt 0:00:00]} g6 {[%emt 0:00:00]} 3. Nf3 {[%emt 0:00:00]} Bg7 {[%emt 0:00:14]} 4. g3 {[%emt 0:00:02]} O-O {[%emt 0:00:49]} 5. Bg2 {[%emt 0:00:05]} c5 {[%emt 0:00:17]} 6. Nc3 {[%emt 0:00:39]} cxd4 {[%emt 0:02:22]} 7. Nxd4 {[%emt 0:00:06]} Qc7 {[%emt 0:00:05]} 8. b3 {[%emt 0:01:26]} d5 {[%emt 0:00:35]} 9. Ndb5 {[%emt 0:00:08]} Qa5 {[%emt 0:02:09]} 10. Bd2 {[%emt 0:00:07]} dxc4 {[%emt 0:01:15]} 11. bxc4 {[%emt 0:00:05]} Qd8 {[%emt 0:01:13]} 12. O-O {[%emt 0:00:19]} a6 {[%emt 0:01:59]} 13. Na3 {[%emt 0:00:08]} Nc6 {[%emt 0:00:16]} 14. Rb1 {[%emt 0:04:35]} Be6 {[%emt 0:02:22]} 15. Qc1 {[%emt 0:04:26]} Rc8 {[%emt 0:07:07]} 16. Rd1 {[%emt 0:01:56]} Na5 17. Be3 {[%emt 0:27:56]} Qe8 {[%emt 0:10:25]} 18. Bb6 {[%emt 0:01:17]} Nxc4 {[%emt 0:07:32]} 19. Nxc4 {[%emt 0:01:15]} Bxc4 {[%emt 0:05:40]} 20. Bxb7 {[%emt 0:00:48]} Bxe2 {[%emt 0:02:29]} 21. Rd4 {[%emt 0:25:08]} e5 {[%emt 0:17:22]} 22. Rd2 {[%emt 0:06:43]} Bc4 {[%emt 0:02:42]} 23. Bxc8 {[%emt 0:01:15]} Qxc8 {[%emt 0:00:04]} 24. Qd1 {[%emt 0:02:34]} Be6 {[%emt 0:07:35]} 25. Rc1 {[%emt 0:00:48]} Qb7 {[%emt 0:06:02]} 26. Bc5 {[%emt 0:01:13]} Bg4 {[%emt 0:01:41]} 27. Qb3 {[%emt 0:01:14]} Qxb3 {[%emt 0:03:30]} 28. axb3 {[%emt 0:00:05]} Rc8 {[%emt 0:00:09]} 29. Be3 {[%emt 0:11:13]} h5 {[%emt 0:03:34]} 30. Rd6 {[%emt 0:00:33]} Be6 {[%emt 0:01:36]} 31. Na4 {[%emt 0:05:14]} Rxc1+ {[%emt 0:04:44]} 32. Bxc1 {[%emt 0:00:05]} Bxb3 {[%emt 0:00:03]} 33. Rxa6 {[%emt 0:01:06]} Bc4 {[%emt 0:03:26]} 34. Ra8+ {[%emt 0:00:36]} Kh7 {[%emt 0:00:05]} 35. Nc5 {[%emt 0:00:47]} Bd5 {[%emt 0:01:16]} 36. Rc8 {[%emt 0:00:14]} Bf3 {[%emt 0:02:37]} 37. Bb2 {[%emt 0:00:32]} Nd5 {[%emt 0:01:53]} 38. Nd7 {[%emt 0:01:08]} f6 {[%emt 0:00:46]} 39. Rd8 {[%emt 0:01:19]} g5 {[%emt 0:01:19]} 40. Nb8 {[%emt 0:00:00]} Ne7 {[%emt 0:00:00]} 41. Ba3 {[%emt 0:03:14]} Nf5 {[%emt 0:05:58]} 42. Nd7 {[%emt 0:01:09]} Kg6 {[%emt 0:02:06]} 43. Bf8 {[%emt 0:01:24]} Nd4 {[%emt 0:02:23]} 44. Bxg7 {[%emt 0:00:13]} Kxg7 {[%emt 0:00:04]} 45. Nb6 {[%emt 0:01:12]} g4 {[%emt 0:01:18]} 46. Nd5 {[%emt 0:02:28]} Be4 {[%emt 0:01:47]} 47. Rd7+ {[%emt 0:00:36]} Kg6 {[%emt 0:00:52]} 48. Ne7+ {[%emt 0:05:29]} Kg5 {[%emt 0:04:49]} 49. Rd8 {[%emt 0:04:04]} 1/2-1/2

[Event "World Team-ch Women 2019"]
[Site "Astana"]
[Date "2019.03.07"]
[Round "3.10"]
[White "Saduakassova, Dinara"]
[Black "Shen, Yang"]
[Result "1-0"]
[WhiteElo "2462"]
[BlackElo "2453"]
[Annotator "ChessBase"]
[PlyCount "105"]
[EventDate "2019.02.05"]
[EventType "team-tourn"]
[EventCountry "KAZ"]
[SourceTitle "playchess.com"]
[Source "ChessBase"]
[SourceQuality "1"]
[WhiteTeam "Kazakhstan"]
[BlackTeam "China"]
[WhiteTeamCountry "KAZ"]
[BlackTeamCountry "CHN"]
[TimeControl "40/5400+30:1800+30"]

1. e4 {[%emt 0:00:00]} e5 {[%emt 0:01:20]} 2. Nf3 {[%emt 0:00:00]} Nc6 {[%emt 0:00:21]} 3. Bc4 {[%emt 0:00:00]} Bc5 {[%emt 0:00:16]} 4. O-O {[%emt 0:00:00]} Nf6 {[%emt 0:01:36]} 5. d3 {[%emt 0:00:00]} a6 {[%emt 0:00:37]} 6. a4 {[%emt 0:03:16]} O-O {[%emt 0:03:34]} 7. h3 {[%emt 0:09:49]} h6 {[%emt 0:02:31]} 8. Re1 {[%emt 0:02:34]} d6 {[%emt 0:03:01]} 9. c3 {[%emt 0:03:06]} Be6 {[%emt 0:03:07]} 10. Nbd2 {[%emt 0:02:40]} Ba7 {[%emt 0:01:57]} 11. a5 {[%emt 0:06:15]} Re8 {[%emt 0:01:47]} 12. Bxe6 Rxe6 {[%emt 0:02:17]} 13. Nf1 {[%emt 0:12:38]} d5 {[%emt 0:09:30]} 14. Ng3 {[%emt 0:05:46]} dxe4 {[%emt 0:04:02]} 15. dxe4 {[%emt 0:00:23]} Qxd1 {[%emt 0:00:22]} 16. Rxd1 {[%emt 0:00:04]} Rd6 {[%emt 0:05:37]} 17. Rd2 {[%emt 0:05:31]} Rad8 {[%emt 0:01:06]} 18. Kf1 {[%emt 0:00:40]} h5 {[%emt 0:04:33]} 19. Rxd6 {[%emt 0:00:55]} Rxd6 {[%emt 0:00:33]} 20. Ke2 {[%emt 0:06:22]} g6 {[%emt 0:00:51]} 21. b4 {[%emt 0:01:30]} Ne8 {[%emt 0:05:38]} 22. Nf1 {[%emt 0:03:10]} Rd7 {[%emt 0:08:24]} 23. Be3 {[%emt 0:05:48]} f6 {[%emt 0:02:00]} 24. N3d2 {[%emt 0:03:05]} Nd6 {[%emt 0:03:02]} 25. Bxa7 {[%emt 0:03:38]} Nxa7 {[%emt 0:00:06]} 26. Ne3 {[%emt 0:00:26]} Nab5 {[%emt 0:04:26]} 27. Rc1 {[%emt 0:02:11]} c6 {[%emt 0:00:59]} 28. h4 {[%emt 0:02:38]} Re7 {[%emt 0:04:27]} 29. Nec4 {[%emt 0:04:16]} Nxc4 {[%emt 0:03:15]} 30. Nxc4 {[%emt 0:00:12]} Kf7 {[%emt 0:00:47]} 31. Nb6 {[%emt 0:04:38]} Ke8 {[%emt 0:02:41]} 32. Na4 {[%emt 0:03:25]} Nc7 {[%emt 0:07:25]} 33. Rd1 {[%emt 0:01:53]} Rd7 {[%emt 0:01:39]} 34. Rxd7 {[%emt 0:04:11]} Kxd7 {[%emt 0:00:01]} 35. Nc5+ {[%emt 0:00:09]} Kc8 {[%emt 0:00:07]} 36. Kd3 {[%emt 0:00:43]} Nb5 {[%emt 0:01:17]} 37. f4 {[%emt 0:02:17]} Nd6 {[%emt 0:03:28]} 38. Ne6 {[%emt 0:01:25]} Nf7 {[%emt 0:01:10]} 39. f5 {[%emt 0:02:23]} gxf5 {[%emt 0:02:20]} 40. exf5 {[%emt 0:00:00]} Nd6 {[%emt 0:00:00]} 41. Ng7 {[%emt 0:01:26]} Kd8 {[%emt 0:02:21]} 42. Nxh5 {[%emt 0:07:31]} Nxf5 {[%emt 0:00:15]} 43. Nxf6 {[%emt 0:00:04]} Nxh4 {[%emt 0:00:14]} 44. g3 {[%emt 0:00:09]} Nf5 {[%emt 0:06:14]} 45. g4 {[%emt 0:00:46]} Nd6 {[%emt 0:00:34]} 46. Ne4 {[%emt 0:04:48]} Ne8 {[%emt 0:01:50]} 47. Kc4 {[%emt 0:02:57]} Kc7 {[%emt 0:03:19]} 48. g5 {[%emt 0:01:21]} b6 {[%emt 0:02:09]} 49. g6 {[%emt 0:02:46]} Ng7 {[%emt 0:01:44]} 50. Nf6 {[%emt 0:04:44]} Kb7 {[%emt 0:10:04]} 51. axb6 {[%emt 0:02:46]} Ne6 {[%emt 0:00:51]} 52. Nd7 {[%emt 0:00:18]} Ng7 {[%emt 0:00:21]} 53. Kd3 {[%emt 0:00:27]} 1-0

[Event "World Team-ch Women 2019"]
[Site "Astana"]
[Date "2019.03.07"]
[Round "3.11"]
[White "Lei, Tingjie"]
[Black "Assaubayeva, Bibisara"]
[Result "1-0"]
[WhiteElo "2477"]
[BlackElo "2376"]
[Annotator "ChessBase"]
[PlyCount "67"]
[EventDate "2019.02.05"]
[EventType "team-tourn"]
[EventCountry "KAZ"]
[SourceTitle "playchess.com"]
[Source "ChessBase"]
[SourceQuality "1"]
[WhiteTeam "China"]
[BlackTeam "Kazakhstan"]
[WhiteTeamCountry "CHN"]
[BlackTeamCountry "KAZ"]
[TimeControl "40/5400+30:1800+30"]

1. d4 {[%emt 0:00:01]} Nf6 {[%emt 0:00:00]} 2. c4 {[%emt 0:00:11]} g6 {[%emt 0:00:00]} 3. Nc3 {[%emt 0:00:11]} Bg7 {[%emt 0:00:18]} 4. e4 {[%emt 0:00:22]} d6 {[%emt 0:00:07]} 5. Nf3 {[%emt 0:00:22]} O-O {[%emt 0:00:06]} 6. h3 {[%emt 0:00:05]} e5 {[%emt 0:02:04]} 7. d5 {[%emt 0:00:07]} a5 {[%emt 0:01:06]} 8. g4 {[%emt 0:00:40]} Na6 {[%emt 0:04:34]} 9. Be3 {[%emt 0:00:29]} Nd7 10. a3 Nac5 {[%emt 0:05:12]} 11. Rg1 {[%emt 0:01:33]} a4 {[%emt 0:04:37]} 12. Nd2 c6 {[%emt 0:01:56]} 13. Qc2 {[%emt 0:02:19]} Qa5 {[%emt 0:04:12]} 14. O-O-O {[%emt 0:05:35]} Nf6 {[%emt 0:10:38]} 15. Be2 {[%emt 0:23:03]} cxd5 {[%emt 0:03:04]} 16. exd5 Bd7 17. g5 {[%emt 0:06:54]} Bf5 {[%emt 0:08:44]} 18. Qxf5 {[%emt 0:04:06]} Nfe4 {[%emt 0:00:32]} 19. Qxe4 {[%emt 0:00:48]} Nxe4 {[%emt 0:00:06]} 20. Ndxe4 {[%emt 0:00:06]} Rfd8 {[%emt 0:01:33]} 21. Nb5 {[%emt 0:01:23]} Bf8 {[%emt 0:05:46]} 22. h4 {[%emt 0:00:43]} Rac8 {[%emt 0:02:56]} 23. Kb1 {[%emt 0:00:08]} Be7 {[%emt 0:05:23]} 24. h5 {[%emt 0:01:19]} Kg7 {[%emt 0:05:06]} 25. Rdf1 {[%emt 0:09:39]} Rd7 {[%emt 0:04:45]} 26. f4 {[%emt 0:01:12]} Qa6 {[%emt 0:05:03]} 27. f5 {[%emt 0:01:41]} gxf5 {[%emt 0:00:11]} 28. Rxf5 {[%emt 0:00:03]} Bd8 {[%emt 0:00:45]} 29. h6+ {[%emt 0:04:00]} Kh8 {[%emt 0:00:25]} 30. Rgf1 {[%emt 0:00:23]} Kg8 {[%emt 0:02:50]} 31. Bh5 {[%emt 0:01:21]} f6 {[%emt 0:06:37]} 32. Nxf6+ {[%emt 0:01:44]} Bxf6 {[%emt 0:00:02]} 33. Rxf6 {[%emt 0:00:09]} Rdd8 {[%emt 0:01:47]} 34. Bg4 {[%emt 0:00:44]} 1-0

[Event "World Team-ch Women 2019"]
[Site "Astana"]
[Date "2019.03.07"]
[Round "3.12"]
[White "Nakhbayeva, Guliskhan"]
[Black "Ding, Yixin"]
[Result "0-1"]
[WhiteElo "2295"]
[BlackElo "2432"]
[Annotator "NA"]
[PlyCount "68"]
[EventDate "2019.02.05"]
[EventType "team-tourn"]
[EventCountry "KAZ"]
[SourceTitle "playchess.com"]
[Source "ChessBase"]
[SourceQuality "1"]
[WhiteTeam "Kazakhstan"]
[BlackTeam "China"]
[WhiteTeamCountry "KAZ"]
[BlackTeamCountry "CHN"]
[TimeControl "40/5400+30:1800+30"]

1. d4 {[%emt 0:00:00]} Nf6 {[%emt 0:00:00]} 2. c4 {[%emt 0:00:00]} g6 {[%emt 0:00:00]} 3. Nc3 {[%emt 0:00:00]} d5 {[%emt 0:00:03]} 4. Nf3 {[%emt 0:00:15]} Bg7 {[%emt 0:00:13]} 5. h4 {[%emt 0:00:16]} dxc4 {[%emt 0:07:23]} 6. e4 {[%emt 0:00:19]} Bg4 {[%emt 0:07:43]} 7. Bxc4 {[%emt 0:10:00]} O-O {[%emt 0:07:21]} 8. Be3 {[%emt 0:05:16]} c5 $14 {[%emt 0:13:53]} 9. dxc5 {[%emt 0:13:06]} Qa5 {[%emt 0:14:48]} 10. O-O {[%emt 0:09:13]} Nc6 {[%emt 0:10:52]} 11. Qc2 {[%emt 0:06:17]} Bxf3 {[%emt 0:07:40]} 12. gxf3 {[%emt 0:01:35]} Nd7 {[%emt 0:00:02]} 13. a3 {[%emt 0:15:09]} Nd4 {[%emt 0:07:10]} 14. Bxd4 {[%emt 0:01:09]} Bxd4 {[%emt 0:00:06]} 15. b4 {[%emt 0:00:29]} Qc7 {[%emt 0:00:54]} 16. Kg2 {[%emt 0:01:38]} Qf4 {[%emt 0:11:39]} 17. Nd5 {[%emt 0:11:06]} Qxh4 {[%emt 0:01:30]} 18. Qd2 {[%emt 0:00:26]} Bxa1 {[%emt 0:01:05]} 19. Rh1 {[%emt 0:00:09]} Bc3 {[%emt 0:04:29]} 20. Qc1 {[%emt 0:09:39]} Bb2 {[%emt 0:00:50]} 21. Qd2 {[%emt 0:00:27]} Bc3 {[%emt 0:00:01]} 22. Nxc3 {[%emt 0:00:18]} Qf6 {[%emt 0:00:07]} 23. Nd5 {[%emt 0:00:06]} Qe5 {[%emt 0:00:22]} 24. Qh6 {[%emt 0:00:14]} Qg7 {[%emt 0:00:07]} 25. Nxe7+ {[%emt 0:00:11]} Kh8 {[%emt 0:00:01]} 26. Qe3 {[%emt 0:04:06]} Ne5 {[%emt 0:00:47]} 27. Bb3 {[%emt 0:01:44]} f5 {[%emt 0:01:18]} 28. Qg5 {[%emt 0:03:52]} Rae8 {[%emt 0:01:30]} 29. Nd5 {[%emt 0:00:32]} fxe4 {[%emt 0:00:44]} 30. fxe4 {[%emt 0:01:26]} Nd3 {[%emt 0:00:51]} 31. Rf1 {[%emt 0:05:55]} Qb2 {[%emt 0:02:55]} 32. Qe3 {[%emt 0:00:25]} Qxb3 {[%emt 0:01:29]} 33. Qd4+ {[%emt 0:00:04]} Ne5 {[%emt 0:00:07]} 34. f4 {[%emt 0:01:01]} Qd3 {[%emt 0:00:11]} 0-1

[Event "World Team-ch Women 2019"]
[Site "Astana"]
[Date "2019.03.07"]
[Round "3.13"]
[White "Abrahamyan, Tatev"]
[Black "Khotenashvili, Bela"]
[Result "0-1"]
[WhiteElo "2377"]
[BlackElo "2474"]
[Annotator "ChessBase"]
[PlyCount "62"]
[EventDate "2019.02.05"]
[EventType "team-tourn"]
[EventCountry "KAZ"]
[SourceTitle "playchess.com"]
[Source "ChessBase"]
[SourceQuality "1"]
[WhiteTeam "United States"]
[BlackTeam "Georgia"]
[WhiteTeamCountry "USA"]
[BlackTeamCountry "GEO"]
[TimeControl "40/5400+30:1800+30"]

1. e4 {[%emt 0:00:00]} c6 {[%emt 0:00:00]} 2. d4 {[%emt 0:00:00]} d5 {[%emt 0:00:00]} 3. exd5 {[%emt 0:00:00]} cxd5 {[%emt 0:00:00]} 4. Nf3 {[%emt 0:00:00]} Nc6 {[%emt 0:01:02]} 5. Bb5 {[%emt 0:00:15]} Qa5+ {[%emt 0:15:34]} 6. Nc3 {[%emt 0:00:43]} Bg4 {[%emt 0:01:58]} 7. h3 {[%emt 0:05:12]} Bxf3 {[%emt 0:00:45]} 8. Qxf3 {[%emt 0:00:23]} e6 {[%emt 0:06:51]} 9. O-O {[%emt 0:05:42]} Nf6 {[%emt 0:01:48]} 10. Qg3 {[%emt 0:10:46]} Rc8 11. Bd2 {[%emt 0:16:15]} Qb6 {[%emt 0:16:44]} 12. Rae1 {[%emt 0:08:25]} Qxd4 {[%emt 0:22:26]} 13. Bd3 {[%emt 0:12:54]} Qc5 {[%emt 0:16:15]} 14. Kh1 {[%emt 0:14:39]} a6 {[%emt 0:00:44]} 15. f4 {[%emt 0:06:18]} Qd6 {[%emt 0:00:42]} 16. a3 {[%emt 0:00:57]} g6 {[%emt 0:03:03]} 17. Qf2 {[%emt 0:07:02]} Bg7 {[%emt 0:02:57]} 18. Ne2 {[%emt 0:02:32]} O-O {[%emt 0:02:01]} 19. Ng1 {[%emt 0:00:27]} Ne4 {[%emt 0:02:51]} 20. Bxe4 {[%emt 0:01:26]} dxe4 {[%emt 0:00:01]} 21. Rxe4 {[%emt 0:00:08]} Bxb2 {[%emt 0:00:32]} 22. c3 {[%emt 0:02:18]} Ne7 {[%emt 0:02:52]} 23. c4 {[%emt 0:01:45]} Qxa3 {[%emt 0:01:01]} 24. Rb1 {[%emt 0:01:40]} Bg7 {[%emt 0:01:13]} 25. Rxb7 {[%emt 0:01:22]} Nf5 {[%emt 0:00:14]} 26. Nf3 {[%emt 0:00:22]} Nd6 {[%emt 0:00:29]} 27. Re3 {[%emt 0:00:25]} Qa2 {[%emt 0:00:22]} 28. Rd7 {[%emt 0:01:07]} Nxc4 {[%emt 0:00:13]} 29. Re2 {[%emt 0:00:10]} Qa4 {[%emt 0:00:42]} 30. Ra7 {[%emt 0:00:41]} Nxd2 {[%emt 0:00:13]} 31. Rxd2 {[%emt 0:00:19]} Qxf4 {[%emt 0:00:20]} 0-1

[Event "World Team-ch Women 2019"]
[Site "Astana"]
[Date "2019.03.07"]
[Round "3.14"]
[White "Javakhishvili, Lela"]
[Black "Nemcova, Katerina"]
[Result "1-0"]
[WhiteElo "2455"]
[BlackElo "2315"]
[Annotator "ChessBase"]
[PlyCount "75"]
[EventDate "2019.02.05"]
[EventType "team-tourn"]
[EventCountry "KAZ"]
[SourceTitle "playchess.com"]
[Source "ChessBase"]
[SourceQuality "1"]
[WhiteTeam "Georgia"]
[BlackTeam "United States"]
[WhiteTeamCountry "GEO"]
[BlackTeamCountry "USA"]
[TimeControl "40/5400+30:1800+30"]

1. d4 {[%emt 0:00:00]} e6 {[%emt 0:00:00]} 2. c4 {[%emt 0:00:00]} d5 {[%emt 0:00:24]} 3. Nf3 {[%emt 0:00:47]} Nf6 {[%emt 0:01:05]} 4. Nc3 {[%emt 0:00:07]} Be7 {[%emt 0:02:11]} 5. Bf4 {[%emt 0:02:32]} O-O {[%emt 0:06:56]} 6. e3 {[%emt 0:00:09]} a6 {[%emt 0:04:22]} 7. cxd5 {[%emt 0:03:23]} exd5 {[%emt 0:00:57]} 8. Bd3 {[%emt 0:00:59]} c5 {[%emt 0:04:07]} 9. dxc5 {[%emt 0:00:31]} Bxc5 {[%emt 0:05:31]} 10. O-O {[%emt 0:02:17]} Nc6 {[%emt 0:02:08]} 11. Rc1 {[%emt 0:00:42]} Bd6 {[%emt 0:08:23]} 12. Bg5 Be6 {[%emt 0:11:09]} 13. Bb1 {[%emt 0:08:04]} Be7 {[%emt 0:01:50]} 14. Nd4 {[%emt 0:10:41]} Nxd4 {[%emt 0:04:41]} 15. Qxd4 {[%emt 0:00:29]} Rc8 {[%emt 0:02:52]} 16. Qd3 {[%emt 0:04:19]} g6 {[%emt 0:01:23]} 17. Rfd1 {[%emt 0:02:49]} Re8 {[%emt 0:05:10]} 18. Bc2 {[%emt 0:05:52]} Bg4 {[%emt 0:11:00]} 19. f3 {[%emt 0:13:24]} Be6 {[%emt 0:04:31]} 20. Bb3 {[%emt 0:03:42]} Kg7 {[%emt 0:06:37]} 21. Bf4 {[%emt 0:05:41]} Bf5 {[%emt 0:01:24]} 22. Qd2 {[%emt 0:01:46]} Be6 {[%emt 0:06:36]} 23. Be5 {[%emt 0:02:48]} Bd6 {[%emt 0:01:03]} 24. Bd4 {[%emt 0:02:03]} Bc5 {[%emt 0:00:24]} 25. Bxc5 {[%emt 0:06:23]} Rxc5 {[%emt 0:00:03]} 26. e4 {[%emt 0:01:59]} d4 {[%emt 0:05:55]} 27. Bxe6 {[%emt 0:02:42]} Rxe6 {[%emt 0:00:22]} 28. Qxd4 {[%emt 0:00:10]} Qxd4+ {[%emt 0:00:39]} 29. Rxd4 {[%emt 0:00:02]} h5 {[%emt 0:00:34]} 30. h4 {[%emt 0:02:17]} Rec6 {[%emt 0:00:29]} 31. Rcd1 {[%emt 0:01:14]} b5 {[%emt 0:01:06]} 32. a4 {[%emt 0:03:47]} Kf8 {[%emt 0:01:06]} 33. axb5 {[%emt 0:01:26]} axb5 {[%emt 0:00:01]} 34. Rd8+ {[%emt 0:00:26]} Ke7 {[%emt 0:00:39]} 35. Rb8 {[%emt 0:00:16]} Rc8 {[%emt 0:00:33]} 36. Rb7+ {[%emt 0:00:48]} R8c7 {[%emt 0:00:19]} 37. Rxc7+ {[%emt 0:00:31]} Rxc7 {[%emt 0:00:06]} 38. e5 {[%emt 0:00:08]} 1-0

[Event "World Team-ch Women 2019"]
[Site "Astana"]
[Date "2019.03.07"]
[Round "3.15"]
[White "Yip, Carissa"]
[Black "Batsiashvili, Nino"]
[Result "1/2-1/2"]
[WhiteElo "2279"]
[BlackElo "2454"]
[Annotator "TA"]
[PlyCount "87"]
[EventDate "2019.02.05"]
[EventType "team-tourn"]
[EventCountry "KAZ"]
[SourceTitle "playchess.com"]
[Source "ChessBase"]
[SourceQuality "1"]
[WhiteTeam "United States"]
[BlackTeam "Georgia"]
[WhiteTeamCountry "USA"]
[BlackTeamCountry "GEO"]

{[%evp 14,87,35,16,38,23,48,14,29,29,31,0,0,0,0,0,0,-33,-27,-45,-40,-41,-42,-39,-41,-41,-41,-41,-47,-43,-17,-37,-32,-39,-7,-30,0,0,-5,-11,-11,-32,0,0,0,0,16,16,10,8,20,20,20,20,20,20,20,16,16,-49,0,0,20,0,49,14,55,8,8,8,8,8,8,8,23,18]} 1. e4 c6 2. d4 d5 3. Nc3 dxe4 4. Nxe4 Nf6 5. Nxf6+ exf6 6. c3 Bd6 7. Bd3 O-O 8. Qc2 Re8+ {B15: Caro-Kann: 3 Nc3: 3...g6 and 3...dxe4 4 Nxe4 Nf6 5 Nxf6+ exf6} 9. Ne2 (9. Be3 h6 10. Ne2 Na6 11. O-O Nc7 12. c4 Bg4 13. h3 Bxe2 14. Bxe2 Ne6 15. Rad1 Qc7 16. Bg4 Rad8 17. Rfe1 Bf4 18. Bxf4 Nxf4 19. Rxe8+ Rxe8 {½-½ (58) Svidler,P (2756)-Carlsen,M (2839) Porto Carras 2018}) 9... h5 10. Be3 Nd7 {The position is equal.} 11. O-O-O Nf8 12. Ng3 g6 13. Ne4 Be6 14. Kb1 b5 15. Nxd6 $146 ({Predecessor:} 15. Rhe1 Bd5 16. h3 {0-1 (35) Svanda,O (2244)-Galperin,P (2334) Konya 2018}) 15... Qxd6 16. h4 a5 17. c4 bxc4 18. Bxc4 Reb8 19. Rc1 Bf5 20. Bd3 Bxd3 21. Qxd3 Rb5 22. Rhd1 Rab8 23. Rd2 Qd5 24. f3 Ne6 (24... Qd7 {feels hotter.} 25. Qe2 Kg7 26. Qc4 R8b6 27. Qe2 Rd5) 25. Qc4 R5b6 26. Qxd5 cxd5 27. Rc3 f5 28. Ra3 f4 29. Bf2 Rb5 30. Ra4 Kf8 31. Rc2 Ke7 32. Be1 Ra8 33. Bd2 f6 34. Rc1 Kd7 35. Ka1 Ra6 36. Bc3 (36. b3 $11) 36... Rc6 37. Kb1 Ra6 38. Kc2 Nc7 39. Kd3 Na8 40. b4 {[%cal Rb4a5]} Nb6 $1 {[%cal Rb6a4]} 41. Rxa5 Rbxa5 42. bxa5 Nc4 43. Rb1 Ke6 44. Rb5 {Accuracy: White = 51%, Black = 47%.} 1/2-1/2

[Event "World Team-ch Women 2019"]
[Site "Astana"]
[Date "2019.03.07"]
[Round "3.16"]
[White "Melia, Salome"]
[Black "Wu, Rochelle"]
[Result "1-0"]
[WhiteElo "2385"]
[BlackElo "2120"]
[Annotator "NA"]
[PlyCount "73"]
[EventDate "2019.02.05"]
[EventType "team-tourn"]
[EventCountry "KAZ"]
[SourceTitle "playchess.com"]
[Source "ChessBase"]
[SourceQuality "1"]
[WhiteTeam "Georgia"]
[BlackTeam "United States"]
[WhiteTeamCountry "GEO"]
[BlackTeamCountry "USA"]
[TimeControl "40/5400+30:1800+30"]

1. e4 {[%emt 0:00:00]} c5 {[%emt 0:00:00]} 2. Nf3 {[%emt 0:00:00]} d6 {[%emt 0:00:03]} 3. d4 {[%emt 0:00:00]} cxd4 {[%emt 0:00:19]} 4. Nxd4 {[%emt 0:00:00]} Nf6 {[%emt 0:00:47]} 5. Nc3 {[%emt 0:00:03]} a6 {[%emt 0:02:48]} 6. Bg5 {[%emt 0:01:16]} Nbd7 {[%emt 0:00:32]} 7. Qe2 {[%emt 0:00:25]} Qc7 {[%emt 0:02:45]} 8. O-O-O {[%emt 0:00:54]} b5 {[%emt 0:03:20]} 9. Bxf6 {[%emt 0:02:28]} gxf6 {[%emt 0:05:07]} 10. Nd5 {[%emt 0:00:58]} Qb7 {[%emt 0:04:18]} 11. Qh5 {[%emt 0:13:02]} Nc5 $18 {[%emt 0:13:26]} 12. Re1 Ne6 {[%emt 0:09:37]} 13. Nf5 {[%emt 0:18:18]} Ng7 {[%emt 0:02:06]} 14. Qf3 {[%emt 0:04:35]} Be6 {[%emt 0:06:52]} 15. Ndxe7 {[%emt 0:05:09]} Nxf5 {[%emt 0:04:00]} 16. Nxf5 {[%emt 0:00:11]} Rc8 {[%emt 0:08:59]} 17. Kb1 {[%emt 0:08:17]} Qc7 {[%emt 0:01:54]} 18. c3 {[%emt 0:01:02]} Qc5 {[%emt 0:10:04]} 19. Bd3 {[%emt 0:03:46]} Rb8 {[%emt 0:05:48]} 20. Ne3 {[%emt 0:11:39]} Qe5 {[%emt 0:03:24]} 21. Nd5 {[%emt 0:01:57]} Be7 {[%emt 0:00:25]} 22. Qg3 {[%emt 0:07:30]} Qxg3 {[%emt 0:02:31]} 23. hxg3 {[%emt 0:00:20]} Bxd5 {[%emt 0:01:45]} 24. exd5 {[%emt 0:00:02]} h6 {[%emt 0:00:16]} 25. Rh4 {[%emt 0:01:00]} Rb7 {[%emt 0:00:15]} 26. a4 {[%emt 0:01:26]} Kd7 {[%emt 0:01:03]} 27. axb5 {[%emt 0:05:33]} axb5 {[%emt 0:00:09]} 28. Rb4 {[%emt 0:00:47]} Rhb8 {[%emt 0:00:17]} 29. Bf5+ {[%emt 0:00:07]} Kd8 {[%emt 0:00:13]} 30. Rg4 {[%emt 0:00:42]} Bf8 {[%emt 0:00:30]} 31. Rb4 {[%emt 0:05:57]} Kc7 {[%emt 0:01:39]} 32. Bd3 {[%emt 0:02:05]} Kd8 {[%emt 0:01:15]} 33. Kc2 {[%emt 0:00:28]} Kd7 {[%emt 0:01:31]} 34. Ra1 {[%emt 0:01:35]} Be7 {[%emt 0:00:49]} 35. Ra5 {[%emt 0:01:34]} Bd8 {[%emt 0:00:43]} 36. Raxb5 {[%emt 0:00:15]} Rxb5 {[%emt 0:00:08]} 37. Bxb5+ {[%emt 0:00:54]} 1-0